| 000 | 01145nam a22002657a 4500 | ||
|---|---|---|---|
| 005 | 20180803165446.0 | ||
| 008 | 121025s2010 ck gr 00010 spa d | ||
| 020 | _a9789588491509 | ||
| 041 | 0 | _aspa | |
| 044 | _ack | ||
| 082 | 0 | 4 |
_a363.7 _bC718g |
| 110 | 1 |
_aColombia _bMinisterio de Ambiente, Vivienda y Desarrollo Territorial _992336 |
|
| 245 | 1 | 0 |
_aGuía para el manejo seguro de hidrocarburos en refrigeración doméstica y comercial : _bmanual de operación del drop-in con refrigerantes hidrocarbonados / _cMinisterio de Ambiente, Vivienda y Desarrollo Territorial. |
| 260 |
_aBogotá : _bMinisterio de Ambiente, Vivienda y Desarrollo Territorial : _bPNUD, _c2010. |
||
| 300 |
_a35 p. : _bil. ; _c28 cm. + _e1 CD-Rom. |
||
| 500 | _aGlosario : p. 34-35. | ||
| 504 | _aIncluye bibliografía. | ||
| 650 | 4 |
_aHidrocarburos _x Manejo. _9786 |
|
| 650 | 4 |
_aHidrocarburos _x Medidas de seguridad. _9787 |
|
| 650 | 4 |
_aIndustria del petróleo _x Medidas de seguridad. _9788 |
|
| 650 | 4 |
_aProductos del petróleo. _9789 |
|
| 650 | 4 |
_aIndustria del petróleo _x Incendios y prevención del fuego. _9790 |
|
| 942 |
_2ddc _cIMPRESO |
||
| 949 | _a | ||
| 999 |
_c7422 _d7422 |
||